000 00410nam a2200133Ia 4500
008 220216s9999 xx 000 0 und d
100 _aGelling I R
245 0 _aControlled viscoelasticity by natural rubber modification
260 _bProceedings of the International Rubber Conference, Venice, 1979; p140-149
650 _aNR modification
650 _aViscoelasticity
700 _aSmith J F
942 _cJS
999 _c56351
_d56351